00535nam a2200169Ia 4500003000900000008004100009020001800050040001600068080001600084110002800100245012100128250001300249260004400262300001100306650002900317650001900346IN-BaIIA211028s9999 xx 000 0 eng d a0-85229-413-1 cIIA Library a031bEBR-12 aEncyclopedia Britannica 4aThe New Encyclopaedia Britannica in 30 volumes : Macropaediabvol. XII, Knowledge in Dept.hcEncyclopedia Britannica a15th ed. aChicagobEncyclopaedia Britannicac1984 a1100p. aEncyclopedia-Macropaedia aNASA Thesaurus